| 000 | 00514nam a22002177a 4500 | ||
|---|---|---|---|
| 003 | Nust | ||
| 005 | 20211231111158.0 | ||
| 008 | 170113b xxu||||| |||| 00| 0 eng d | ||
| 020 | _a9780070187757 | ||
| 038 | _aKhadija | ||
| 040 | _c. | ||
| 082 |
_a651.7 _bMUR |
||
| 100 |
_aMurphy _984967 |
||
| 245 |
_aEffective Business Communication / _cMurphy |
||
| 250 | _a7th ed. | ||
| 260 |
_aNew Delhi: _bMcGraw-Hil; _c2009. |
||
| 300 |
_a619p:, _b24 cm. |
||
| 500 | _apaperback. | ||
| 563 | _aPB | ||
| 942 |
_cBK _2ddc |
||
| 999 |
_c31828 _d31828 |
||